Vector bundles and differential equations

Uloženo v:
Podrobná bibliografie
Hlavní autor: Hirschowitz, André (Autor)
Médium: Kniha
Jazyk:angličtina
Vydáno: Boston Brikhäuser 1980
Edice:Progress in Mathematics, 7
Témata:
Tagy: Přidat tag
Žádné tagy, Buďte první, kdo vytvoří štítek k tomuto záznamu!

MARC

LEADER 00000nam a2200000 a 4500
001 UCP0078
003 CL-VaPUC
008 990128e19800000US |||||||||||||||||eng|d
082 0 4 |a 515.35  |b HIR  |2 21 
100 0 |a Hirschowitz, André  |e author  |9 425035 
245 1 0 |a Vector bundles and differential equations 
300 |a 249 p 
942 |c BK 
945 |d 19990128 00:00:00  |a crobeson 
260 |a Boston  |b Brikhäuser  |c 1980 
650 0 |a Ecuaciones diferenciales  |9 260083 
650 7 |a FORMAS CUADRATICAS  |2 CL-VaPUC  |9 270195 
650 7 |a GRUPO DE JAUGE ELARGI  |2 CL-VaPUC  |9 425036 
650 7 |a FIBRAS ESTABLES  |2 CL-VaPUC  |9 425037 
650 7 |a CURVAS DE ESPACIOS ALGEBRAICOS  |2 CL-VaPUC  |9 425038 
583 |a last modification  |c 19990128 00:00:00  |k Rodrigo Vera 
490 0 |a Progress in Mathematics, 7 
999 |c 278964  |d 278962 
952 |0 0  |1 0  |4 0  |6 515_350000000000000_HIR_1980  |7 0  |8 A  |9 317790  |a BIBMAT  |b BIBMAT  |d 2019-11-20  |i 1323075  |o 515.35 HIR 1980  |p 1323075  |r 2025-01-07  |w 2019-11-20  |y BK  |k MAT